[Event "Festival"]
[Site "Marostica ITA"]
[Date "1995.09.??"]
[Round "2"]
[White "Pastres, Roberto"]
[Black "Belotti, Bruno"]
[Result "1/2-1/2"]
[WhiteElo "2220"]
[BlackElo "2380"]
[PlyCount "86"]
[EventDate "1995.09.08"]

1. d4 Nf6 2. c4 c5 3. d5 b5 4. cxb5 a6 5. e3 Bb7 6. Nc3 Qa5 7. Bd2 axb5 8. Bxb5
Qb6 9. Qb3 e6 10. e4 Nxe4 11. Nxe4 Bxd5 12. Qd3 Qb7 13. f3 c4 14. Bxc4 Bxc4 15.
Qxc4 d5 16. Qc2 dxe4 17. fxe4 Nd7 18. Nf3 Nc5 19. O-O Nxe4 20. Be3 Bd6 21. Bd4
O-O 22. Rae1 f5 23. a3 Rac8 24. Qd3 Rfd8 25. b4 Qd5 26. Rd1 Bf4 27. Qe2 Qb3 28.
Rd3 Qc4 29. g3 Bc7 30. Rfd1 Rd5 31. Qe3 Qc6 32. Rc1 Qd7 33. Rcd1 Rd8 34. Ne1
Qa4 35. Bb6 Rxd3 36. Rxd3 Rxd3 37. Nxd3 Qd1+ 38. Kg2 Bxb6 39. Qxb6 Qxd3 40.
Qxe6+ Kf8 41. Qxf5+ Ke7 42. Qe5+ Kd8 43. Qxg7 Qe2+ 1/2-1/2

[Event "Festival"]
[Site "Marostica ITA"]
[Date "1995.09.??"]
[Round "2"]
[White "Rossi, Carlo"]
[Black "Godena, Michele"]
[Result "1-0"]
[WhiteElo "2330"]
[BlackElo "2420"]
[PlyCount "68"]
[EventDate "1995.09.08"]

1. Nf3 Nc6 2. d4 d5 3. Bf4 Bg4 4. h3 Bxf3 5. exf3 e6 6. Bb5 Nge7 7. O-O a6 8.
Ba4 b5 9. Bb3 Ng6 10. Bg3 h5 11. Re1 h4 12. Bh2 Bd6 13. Nc3 Bxh2+ 14. Kxh2 Nf4
15. Ne2 Nxe2 16. Rxe2 Ne7 17. Qd2 Qd6+ 18. Kh1 Ng6 19. c3 Rh5 20. Rae1 Qf4 21.
Bc2 Qxd2 22. Rxd2 Nf4 23. Kh2 Kd7 24. Bd3 Nxd3 25. Rxd3 g5 26. Rde3 Re8 27.
R3e2 f6 28. b4 Rh7 29. a4 Rhe7 30. axb5 axb5 31. Ra2 e5 32. Rd1 exd4 33. Rxd4
c6 34. f4 Re2 1-0

[Event "Festival"]
[Site "Marostica ITA"]
[Date "1995.09.??"]
[Round "2"]
[White "Rossi, Giampiero"]
[Black "Pegoraro, Giorgio"]
[Result "0-1"]
[WhiteElo "2135"]
[BlackElo "2094"]
[PlyCount "50"]
[EventDate "1995.09.08"]

1. d4 Nf6 2. c4 g6 3. g3 Bg7 4. Bg2 O-O 5. Nc3 d6 6. Nf3 Nc6 7. O-O a6 8. h3
Rb8 9. e4 Nd7 10. Be3 Na5 11. Qd2 b5 12. cxb5 axb5 13. b3 c5 14. Rac1 b4 15.
Na4 cxd4 16. Nxd4 Nc5 17. Rfd1 Ba6 18. Qc2 Nxa4 19. bxa4 Bxd4 20. Bxd4 b3 21.
axb3 Nxb3 22. Rb1 Nxd4 23. Rxd4 Qa5 24. Bf1 Bxf1 25. Kxf1 Qc5 0-1

[Event "Festival"]
[Site "Marostica ITA"]
[Date "1995.09.??"]
[Round "2"]
[White "Sedina, Elena"]
[Black "Csom, Istvan"]
[Result "1-0"]
[WhiteElo "2350"]
[BlackElo "2455"]
[PlyCount "91"]
[EventDate "1995.09.08"]

1. e4 c6 2. d4 g6 3. c3 Bg7 4. Bd3 d6 5. Nf3 Na6 6. O-O Nc7 7. Re1 Nh6 8. h3
O-O 9. Qe2 f6 10. Be3 Nf7 11. Nbd2 e5 12. Nf1 Qe7 13. a4 Ne6 14. Bc2 Bh6 15.
Qd2 Nf4 16. Kh2 Kg7 17. Ng3 Be6 18. Nf5+ Bxf5 19. exf5 Qc7 20. g3 Nd5 21. Bxh6+
Nxh6 22. fxg6 hxg6 23. Nh4 Ne7 24. Qd3 d5 25. Nxg6 e4 26. Nxf8 Rxf8 27. Qe2 Ng6
28. Bxe4 dxe4 29. Qxe4 Nf7 30. h4 Rh8 31. Kg2 Qd8 32. Rad1 Rh5 33. c4 Nh6 34.
d5 Re5 35. Qd3 Qd6 36. Rxe5 Nxe5 37. Qe4 c5 38. f4 Nef7 39. h5 f5 40. Qe6 Ng4
41. Re1 Qb6 42. Qxb6 axb6 43. b3 Nd6 44. Re6 Ne4 45. Rxb6 Nc3 46. Kf3 1-0

[Event "Festival"]
[Site "Marostica ITA"]
[Date "1995.09.??"]
[Round "2"]
[White "Torelli, Mirco"]
[Black "Di Lazzaro, Gabriele"]
[Result "0-1"]
[WhiteElo "1998"]
[BlackElo "2115"]
[PlyCount "158"]
[EventDate "1995.09.08"]

1. d4 g6 2. c4 Bg7 3. Nc3 c5 4. e3 Nf6 5. Nf3 O-O 6. Be2 cxd4 7. exd4 d5 8. O-O
Nc6 9. h3 Bf5 10. Bf4 dxc4 11. Bxc4 Ne4 12. Re1 Nxc3 13. bxc3 Rc8 14. Rc1 Na5
15. Bd3 Bxd3 16. Qxd3 Nc4 17. Rb1 b6 18. Rb4 Na5 19. Ne5 f6 20. Nf3 Nc6 21.
Rbb1 e5 22. Bg3 Kh8 23. d5 Qd7 24. Qb5 Nb8 25. Qb3 Na6 26. c4 Nc5 27. Qb5 Qxb5
28. Rxb5 Rfd8 29. Nd2 Kg8 30. Nb3 Nb7 31. Rc1 Nd6 32. Rb4 Bh6 33. Rc2 Ne4 34.
Re2 Bf8 35. c5 Nxg3 36. fxg3 Bxc5+ 37. Nxc5 Rxc5 38. Ra4 a5 39. Rb2 Rd6 40. Ra3
Rcxd5 41. Rab3 Rd1+ 42. Kh2 Kg7 43. g4 R1d2 44. Rxb6 Rxb6 45. Rxd2 Rb7 46. g5
a4 47. gxf6+ Kxf6 48. Rd6+ Kf5 49. Ra6 Rb4 50. Kg1 h5 51. Ra5 h4 52. a3 Rf4 53.
Kh2 Rd4 54. Kg1 Kf4 55. Kf2 e4 56. Ra6 g5 57. Rf6+ Ke5 58. Ra6 Rc4 59. Ke2 Rc2+
60. Kf1 Kf4 61. Rxa4 Ke3 62. Kg1 Rc1+ 63. Kh2 Rf1 64. Rb4 Kd3 65. Rb3+ Kd2 66.
Rb5 e3 67. Rd5+ Kc3 68. Re5 Kd2 69. Rd5+ Ke1 70. g3 e2 71. Kg2 Rf2+ 72. Kg1 Rf3
73. gxh4 gxh4 74. a4 Rg3+ 75. Kh2 Kf2 76. Rf5+ Rf3 77. Re5 e1=Q 78. Rxe1 Kxe1
79. Kg2 Ra3 0-1

[Event "Festival"]
[Site "Marostica ITA"]
[Date "1995.09.??"]
[Round "3"]
[White "Aranovitch, Emiliano"]
[Black "Alberton, Roberto"]
[Result "1-0"]
[WhiteElo "2280"]
[BlackElo "2054"]
[PlyCount "53"]
[EventDate "1995.09.08"]

1. e4 c6 2. d4 d5 3. exd5 cxd5 4. c4 Nf6 5. Nc3 Nc6 6. Nf3 e6 7. c5 Bd7 8. a3
Be7 9. Bd3 O-O 10. b4 a6 11. O-O Ne8 12. Re1 f5 13. Bf1 Bf6 14. Rb1 Nc7 15. a4
Kh8 16. b5 axb5 17. axb5 Ne7 18. Bf4 Rg8 19. c6 Bc8 20. b6 Ne8 21. cxb7 Bxb7
22. Rxe6 Rc8 23. Nb5 Qd7 24. Re1 Ng6 25. Ne5 Bxe5 26. Bxe5 Qc6 27. Na7 1-0

[Event "Festival"]
[Site "Marostica ITA"]
[Date "1995.09.??"]
[Round "3"]
[White "Belotti, Bruno"]
[Black "Lucaroni, Massimiliano"]
[Result "1-0"]
[WhiteElo "2380"]
[BlackElo "2280"]
[PlyCount "37"]
[EventDate "1995.09.08"]

1. e4 e5 2. f4 exf4 3. Nf3 d5 4. exd5 Nf6 5. Bb5+ c6 6. dxc6 Nxc6 7. d4 Bd6 8.
O-O O-O 9. Nbd2 Bc7 10. c3 Nd5 11. Ne4 Re8 12. Nc5 Ne3 13. Bxe3 fxe3 14. Qd3
Qd6 15. Rae1 Qh6 16. Bxc6 bxc6 17. Ne5 Be6 18. Rxe3 Bxa2 19. Rh3 1-0

[Event "Festival"]
[Site "Marostica ITA"]
[Date "1995.09.??"]
[Round "3"]
[White "Bertacco, Piero"]
[Black "Duarte, Riccardo"]
[Result "1-0"]
[WhiteElo "1747"]
[BlackElo "2050"]
[PlyCount "103"]
[EventDate "1995.09.08"]

1. d4 Nf6 2. Nf3 e6 3. c4 b6 4. a3 Bb7 5. Nc3 Be7 6. Bg5 d6 7. e3 Nbd7 8. Be2
O-O 9. O-O h6 10. Bh4 a6 11. Rc1 Nh5 12. Bxe7 Qxe7 13. d5 e5 14. b3 f5 15. Nxe5
dxe5 16. Bxh5 Qxa3 17. Qc2 Qe7 18. Bd1 Qh4 19. Qe2 Nf6 20. Bc2 Bc8 21. Rcd1 f4
22. f3 Ne8 23. exf4 exf4 24. Ne4 Bf5 25. Qf2 Qd8 26. Rfe1 a5 27. Qd2 Bg6 28.
Rc1 Qh4 29. Qf2 Qh5 30. Nc3 Bxc2 31. Rxc2 Nd6 32. Rce2 Nf5 33. Ne4 Qg6 34. Nc3
h5 35. Re6 Qh7 36. Ne4 h4 37. Ng5 Qh5 38. Nh3 g5 39. Qd2 Ne3 40. Re5 Rf5 41.
Rxf5 Nxf5 42. Re5 Qg6 43. Re6 Qg7 44. Nf2 Ne3 45. Qc1 a4 46. Qb1 Kf7 47. Ne4
Kf8 48. Nf6 a3 49. Qe4 Qf7 50. d6 a2 51. Qxa8+ Kg7 52. Re7 1-0

[Event "Festival"]
[Site "Marostica ITA"]
[Date "1995.09.??"]
[Round "3"]
[White "Borgo, Giulio"]
[Black "Mrdja, Milan"]
[Result "1/2-1/2"]
[WhiteElo "2345"]
[BlackElo "2450"]
[PlyCount "121"]
[EventDate "1995.09.08"]

1. e4 c5 2. Nf3 e6 3. c4 Nc6 4. Nc3 Nf6 5. Be2 Be7 6. O-O O-O 7. d4 cxd4 8.
Nxd4 d6 9. Be3 Bd7 10. Rc1 Nxd4 11. Qxd4 Bc6 12. b4 b6 13. Rfd1 Qb8 14. Bg5 Rd8
15. Rd3 Rd7 16. Rg3 Kh8 17. Rh3 Qf8 18. Bd3 h6 19. Bb1 Kg8 20. Be3 Rc8 21. Rg3
Kh8 22. Qd2 Bb7 23. Qe2 Ba6 24. Bd3 Rdc7 25. b5 Bb7 26. Bd4 Ne8 27. Rd1 Bf6 28.
Bxf6 Nxf6 29. a4 Qe7 30. a5 bxa5 31. Qa2 d5 32. exd5 exd5 33. Re3 Qb4 34. Bf5
Rd8 35. Nxd5 Qxc4 36. Qxc4 Rxc4 37. Nc3 Rxd1+ 38. Nxd1 Rc1 39. Re1 g6 40. Bd3
Kg7 41. Kf1 a4 42. Ne3 Rc3 43. Ke2 a3 44. Ra1 Nd5 45. Kd2 Rb3 46. Nc2 Nf4 47.
Bc4 Rb2 48. f3 Bd5 49. Bxd5 Nxd5 50. Rxa3 Rxb5 51. Rxa7 Nf4 52. g3 Ne6 53. Ra2
Re5 54. Ra3 Rh5 55. h4 Rb5 56. Ra2 Re5 57. Ra3 h5 58. Re3 Rb5 59. Rc3 Rb1 60.
Ke2 Rh1 61. Rc4 1/2-1/2

[Event "Festival"]
[Site "Marostica ITA"]
[Date "1995.09.??"]
[Round "3"]
[White "Caruso, Augusto"]
[Black "Pegoraro, Giorgio"]
[Result "1/2-1/2"]
[WhiteElo "2220"]
[BlackElo "2094"]
[PlyCount "92"]
[EventDate "1995.09.08"]

1. e4 e6 2. d4 d5 3. Nd2 Nf6 4. e5 Nfd7 5. Bd3 c5 6. c3 Nc6 7. Ne2 cxd4 8. cxd4
f6 9. f4 Qb6 10. Nf3 Bb4+ 11. Bd2 O-O 12. exf6 Nxf6 13. O-O Bd7 14. Kh1 Bxd2
15. Qxd2 Nb4 16. Bb1 Bb5 17. Re1 Ba6 18. Nc3 Qd6 19. Ne5 Rac8 20. Qe3 Rc7 21.
a3 Nc6 22. Ba2 Na5 23. Rad1 Re8 24. h3 Nc4 25. Bxc4 Bxc4 26. Rd2 g6 27. Qg3 Ba6
28. Qh4 Qe7 29. Ng4 Nxg4 30. Qxg4 Qf7 31. g3 Bc4 32. Re5 b5 33. Rd1 a5 34. Rde1
b4 35. axb4 axb4 36. Na4 Bd3 37. Nc5 Bf5 38. Qe2 Bxh3 39. Qd2 b3 40. Qe3 Bf5
41. Qxb3 Rcc8 42. Kg1 Rb8 43. Qc3 Ra8 44. Qe3 Ra2 45. Qb3 Qa7 46. Qc3 Rc8
1/2-1/2

[Event "Festival"]
[Site "Marostica ITA"]
[Date "1995.09.??"]
[Round "3"]
[White "Coppini, Giorgio"]
[Black "Elstner, Herbert"]
[Result "0-1"]
[WhiteElo "2210"]
[BlackElo "2215"]
[PlyCount "78"]
[EventDate "1995.09.08"]

1. e4 e5 2. Nf3 f5 3. d3 Nc6 4. Qe2 d6 5. g3 fxe4 6. dxe4 Bg4 7. c3 Nf6 8. h3
Bh5 9. g4 Bg6 10. g5 Nxe4 11. Nh4 Nc5 12. Nxg6 hxg6 13. b4 Ne6 14. Qc2 Ne7 15.
Bd3 Nf5 16. Bxf5 gxf5 17. Qxf5 Qe7 18. Be3 Qf7 19. Qxf7+ Kxf7 20. Nd2 Be7 21.
Ne4 Rh4 22. Ng3 Rah8 23. Nf5 Rxh3 24. Rg1 Bxg5 25. O-O-O Bf4 26. Bxf4 Nxf4 27.
Kc2 Rf3 28. Rd2 g6 29. Ng3 d5 30. Re1 Kf6 31. Nf1 Rh1 32. Re3 Rhh3 33. Rxf3
Rxf3 34. Ne3 c6 35. Kb3 Nh3 36. b5 Ke6 37. bxc6 bxc6 38. Kb4 Nxf2 39. Nf1 Ne4
0-1

[Event "Festival"]
[Site "Marostica ITA"]
[Date "1995.09.??"]
[Round "3"]
[White "Di Lazzaro, Gabriele"]
[Black "Ventura, Boris"]
[Result "1/2-1/2"]
[WhiteElo "2115"]
[BlackElo "2038"]
[PlyCount "105"]
[EventDate "1995.09.08"]

1. Nf3 Nf6 2. g3 g6 3. b3 Bg7 4. Bb2 d6 5. d4 O-O 6. Bg2 c6 7. O-O a5 8. c4 a4
9. b4 d5 10. c5 Ne4 11. a3 Nd7 12. Ne1 e5 13. f3 Ng5 14. Nc3 exd4 15. Nxa4 Qe7
16. Nb6 Nxb6 17. cxb6 Re8 18. Rf2 c5 19. bxc5 Qxc5 20. Nd3 Qxb6 21. Qc2 Bf5 22.
Qc5 Qxc5 23. Nxc5 b6 24. Nb3 d3 25. Bxg7 Kxg7 26. exd3 Bxd3 27. Rd2 Bc4 28. Nd4
Ne6 29. Nc6 Nc5 30. Nd4 Re3 31. Nc2 Rc3 32. Re1 Rd8 33. f4 Nb3 34. Rf2 d4 35.
Nb4 d3 36. Rd1 d2 37. Nc6 Rc1 38. Bf3 Rxd1+ 39. Bxd1 Re8 40. Ne5 b5 41. Bxb3
Bxb3 42. Rxd2 Ra8 43. Rb2 Rxa3 44. Nc6 Ra1+ 45. Kf2 Bc4 46. Nd4 Ra8 47. Ke3 Kf8
48. Kd2 Rb8 49. Kc3 Ke8 50. Nc6 Rb6 51. Ne5 Be6 52. Kb4 f6 53. Kc5 1/2-1/2

[Event "Festival"]
[Site "Marostica ITA"]
[Date "1995.09.??"]
[Round "3"]
[White "Giuriati, Paolo"]
[Black "Rossi, Giampiero"]
[Result "0-1"]
[WhiteElo "1957"]
[BlackElo "2135"]
[PlyCount "48"]
[EventDate "1995.09.08"]

1. d4 d5 2. Nf3 c6 3. c4 e6 4. cxd5 exd5 5. Nc3 Bf5 6. Bf4 Nd7 7. e3 Be7 8. Be2
a6 9. O-O Ngf6 10. h3 O-O 11. a3 Re8 12. Rc1 Ne4 13. b4 a5 14. Qb3 axb4 15.
axb4 Qb6 16. b5 Ra3 17. Qb2 Rea8 18. Rfe1 Nxc3 19. Rxc3 Ra2 20. Qc1 Bb4 21.
bxc6 Bxc3 22. Qxc3 bxc6 23. Qc1 Rc2 24. Qd1 Qb2 0-1

[Event "Festival"]
[Site "Marostica ITA"]
[Date "1995.09.??"]
[Round "3"]
[White "Negro, Roberto"]
[Black "Torelli, Mirco"]
[Result "1/2-1/2"]
[WhiteElo "2164"]
[BlackElo "1998"]
[PlyCount "59"]
[EventDate "1995.09.08"]

1. d4 Nf6 2. c4 e6 3. Nc3 c5 4. d5 exd5 5. cxd5 d6 6. e4 g6 7. f4 Bg7 8. Nf3
O-O 9. Be2 b5 10. e5 dxe5 11. fxe5 Ng4 12. Bg5 f6 13. exf6 Bxf6 14. Qd2 Bf5 15.
O-O b4 16. Nb5 a6 17. d6 axb5 18. Qd5+ Kh8 19. Bxf6+ Qxf6 20. Qxa8 Ne3 21. Rfc1
Qxb2 22. Kf2 Bd3 23. Re1 Bxe2 24. Rab1 Bxf3+ 25. Rxb2 Bxa8+ 26. Kxe3 Kg7 27.
Rd2 Nd7 28. Kd3 Bd5 29. Re7+ Rf7 30. Ke3 {...} 1/2-1/2

[Event "Festival"]
[Site "Marostica ITA"]
[Date "1995.09.??"]
[Round "3"]
[White "Pastres, Roberto"]
[Black "Micheli, Carlo"]
[Result "0-1"]
[WhiteElo "2220"]
[BlackElo "2295"]
[PlyCount "100"]
[EventDate "1995.09.08"]

1. d4 d6 2. c4 g6 3. Nc3 Bg7 4. e4 c6 5. h3 Nf6 6. Nf3 O-O 7. Bg5 a6 8. Qc2 b5
9. cxb5 axb5 10. Be2 b4 11. Nd1 b3 12. Qxb3 Nxe4 13. Be3 Qa5+ 14. Nc3 Na6 15.
O-O Bf5 16. Nxe4 Bxe4 17. Bd2 Qc7 18. Bc3 Rfb8 19. Qd1 Nb4 20. Bc4 Nd5 21. Qe2
Nxc3 22. bxc3 d5 23. Bb3 Bxf3 24. Qxf3 e6 25. Rac1 c5 26. dxc5 Qxc5 27. Rfd1
Rc8 28. c4 d4 29. h4 h5 30. Rd3 f5 31. Qg3 Kh7 32. f4 Bf6 33. Re1 Re8 34. Qf2
e5 35. fxe5 Bxe5 36. Rf1 Bg7 37. Qf3 Re4 38. g3 Rae8 39. Kg2 Bf8 40. Ba4 R8e7
41. Bb5 Bh6 42. Qd1 Be3 43. a4 Rg4 44. Rf3 f4 45. Qf1 Rg7 46. Rd1 Qc8 47. a5
Qa8 48. Kh3 Qe4 49. c5 fxg3 50. Bd3 Rxh4+ 0-1

[Event "Festival"]
[Site "Marostica ITA"]
[Date "1995.09.??"]
[Round "3"]
[White "Rosino, Antonio"]
[Black "Danieli, Enrico"]
[Result "1/2-1/2"]
[WhiteElo "2320"]
[BlackElo "1903"]
[PlyCount "127"]
[EventDate "1995.09.08"]

1. e4 d5 2. exd5 Nf6 3. d4 Nxd5 4. Nf3 Bg4 5. Be2 e6 6. h3 Bh5 7. O-O Be7 8. c4
Nb6 9. Nc3 O-O 10. Be3 c6 11. Ne5 Bxe2 12. Qxe2 N8d7 13. Rad1 Nxe5 14. dxe5 Qc7
15. Bf4 Rad8 16. Ne4 Nd7 17. Nd6 f6 18. Nf5 Nxe5 19. Bxe5 fxe5 20. Nxe7+ Qxe7
21. Qxe5 Qf7 22. f3 Qf6 23. Qe3 Qxb2 24. Qxe6+ Kh8 25. Rb1 Qd4+ 26. Kh1 Qd7 27.
Qe3 b6 28. Rbe1 Qd2 29. Rf2 Qd4 30. Qxd4 Rxd4 31. Re7 Rxc4 32. Rd2 a5 33. Rdd7
Rg8 34. Rb7 b5 35. Rec7 b4 36. Ra7 Rc5 37. f4 h5 38. Rf7 Kh7 39. f5 Kh6 40. h4
Rc4 41. g3 Rc2 42. Rfe7 Rd8 43. Re6+ Kh7 44. Re1 Rxa2 45. f6 Kg6 46. fxg7 b3
47. Rd7 Rg8 48. Rb7 a4 49. Re6+ Kf5 50. Rxc6 b2 51. Rcb6 a3 52. Rb4 Ra1+ 53.
Kg2 a2 54. Rxb2 Rg1+ 55. Kxg1 a1=Q+ 56. Kg2 Kg6 57. R2b6+ Kh7 58. Rb5 Qa2+ 59.
Kh3 Qe6+ 60. Kg2 Qe4+ 61. Kh2 Qe2+ 62. Kh3 Rc8 63. g8=Q+ Kxg8 64. Rb8 1/2-1/2

[Event "Festival"]
[Site "Marostica ITA"]
[Date "1995.09.??"]
[Round "3"]
[White "Sarno, Spartaco"]
[Black "Rossi, Carlo"]
[Result "1/2-1/2"]
[WhiteElo "2405"]
[BlackElo "2330"]
[PlyCount "32"]
[EventDate "1995.09.08"]

1. c4 f5 2. g3 Nf6 3. Bg2 g6 4. Nc3 Bg7 5. e3 O-O 6. Nge2 e5 7. O-O Kh8 8. d3
d6 9. Rb1 Nc6 10. b4 g5 11. f4 gxf4 12. gxf4 Ne7 13. Bb2 Ng6 14. Qd2 Nh4 15.
Ng3 c6 16. Bh1 Qe8 1/2-1/2

[Event "Festival"]
[Site "Marostica ITA"]
[Date "1995.09.??"]
[Round "3"]
[White "Ventura, Sergio"]
[Black "Bancod, Ronald"]
[Result "0-1"]
[WhiteElo "1998"]
[BlackElo "2385"]
[PlyCount "50"]
[EventDate "1995.09.08"]

1. f4 Nf6 2. Nf3 g6 3. b3 Bg7 4. Bb2 O-O 5. g3 d6 6. Bg2 e5 7. fxe5 Ng4 8. O-O
Nc6 9. Na3 Be6 10. h3 Ngxe5 11. Nxe5 dxe5 12. Nc4 Qd7 13. Kh2 Rad8 14. Bc3 e4
15. Bxg7 Kxg7 16. Bxe4 Bxc4 17. Bxc6 bxc6 18. bxc4 Qxd2 19. Qxd2 Rxd2 20. Rf2
Rxc2 21. Kg2 Re8 22. Kf3 Rc3+ 23. Kg2 Ree3 24. Rd1 Rxg3+ 25. Kf1 Rxc4 0-1

[Event "Festival"]
[Site "Marostica ITA"]
[Date "1995.09.??"]
[Round "4"]
[White "Alberton, Roberto"]
[Black "Negro, Roberto"]
[Result "1-0"]
[WhiteElo "2054"]
[BlackElo "2164"]
[PlyCount "81"]
[EventDate "1995.09.08"]

1. e4 c5 2. Nf3 Nc6 3. c3 Nf6 4. e5 Nd5 5. Bc4 Nb6 6. Bb3 d5 7. exd6 Qxd6 8.
O-O e6 9. d4 cxd4 10. cxd4 Be7 11. Nc3 O-O 12. Ne4 Qd8 13. a3 Nd5 14. Qd3 Bd7
15. Bc2 g6 16. Bh6 Re8 17. Ne5 Rc8 18. Rac1 f5 19. Nc3 Nxe5 20. dxe5 Bg5 21.
Bxg5 Qxg5 22. f4 Qd8 23. Qd4 Qb6 24. Qxb6 axb6 25. Rfd1 Bc6 26. Ne2 Ne3 27. Rd6
Nc4 28. Rd4 Ne3 29. g3 Rcd8 30. Bb3 Kf7 31. Rc3 Nd5 32. Bxd5 Rxd5 33. Rxd5 Bxd5
34. Rc7+ Re7 35. Rxe7+ Kxe7 36. Kf2 Kd7 37. Nd4 Be4 38. Ke3 Bg2 39. Kd3 Be4+
40. Kc4 Bd5+ 41. Kb5 1-0

[Event "Festival"]
[Site "Marostica ITA"]
[Date "1995.09.??"]
[Round "4"]
[White "Bancod, Ronald"]
[Black "Borgo, Giulio"]
[Result "1-0"]
[WhiteElo "2385"]
[BlackElo "2345"]
[PlyCount "51"]
[EventDate "1995.09.08"]

1. e4 c5 2. Nf3 Nc6 3. Bb5 Nf6 4. Nc3 g6 5. O-O Bg7 6. Re1 O-O 7. d3 Ne8 8. h3
Nc7 9. a4 d6 10. Bg5 Nxb5 11. axb5 Nd4 12. Nxd4 cxd4 13. Nd5 f6 14. Bd2 e6 15.
Nf4 Qb6 16. Ra4 Bd7 17. Qa1 Rac8 18. c4 dxc3 19. bxc3 f5 20. d4 fxe4 21. Rxe4
e5 22. Qa2+ Rf7 23. Nd5 Qd8 24. Rxa7 Bxb5 25. dxe5 dxe5 26. h4 {...} 1-0

[Event "Festival"]
[Site "Marostica ITA"]
[Date "1995.09.??"]
[Round "4"]
[White "Danieli, Enrico"]
[Black "Pastres, Roberto"]
[Result "1-0"]
[WhiteElo "1903"]
[BlackElo "2220"]
[PlyCount "127"]
[EventDate "1995.09.08"]

1. Nf3 f5 2. g3 Nf6 3. Bg2 g6 4. O-O Bg7 5. d3 d6 6. Nbd2 e5 7. c3 Qe7 8. Qc2
O-O 9. a4 Nc6 10. a5 a6 11. e4 f4 12. Nc4 Nh5 13. Bd2 g5 14. Rfe1 Bf6 15. gxf4
g4 16. f5 gxf3 17. Bxf3 Ng7 18. Kh1 Kh8 19. Rg1 Nd8 20. Rg3 Nf7 21. Rag1 Bd7
22. Qc1 d5 23. Ne3 c6 24. Ng4 Nh6 25. Rh3 dxe4 26. Bxe4 Nf7 27. Qd1 Bxf5 28.
Qf3 Nd6 29. Bh6 Nxe4 30. Nxf6 Nxf2+ 31. Qxf2 Qxf6 32. Bxg7+ Qxg7 33. Rxg7 Kxg7
34. Qg3+ Bg6 35. Qxe5+ Kg8 36. Qe6+ Kg7 37. Qe7+ Rf7 38. Qe5+ Kg8 39. Kg2 Raf8
40. Qe6 Kg7 41. Qe5+ Kg8 42. Qe3 Rf6 43. Rg3 Kg7 44. Rg5 Rf5 45. Rxf5 Rxf5 46.
Qe7+ Rf7 47. Qe5+ Kg8 48. d4 Kf8 49. Kg3 Re7 50. Qd6 Ke8 51. Kf4 Rf7+ 52. Kg3
Rd7 53. Qb8+ Ke7 54. Kf4 Bd3 55. Ke3 Bg6 56. Qe5+ Kd8 57. Qb8+ Ke7 58. c4 Kf7
59. Qf4+ Ke7 60. Kd2 Rd6 61. Kc3 Rd7 62. Kb4 Kd8 63. Kc5 Kc8 64. Qf8+ 1-0

[Event "Festival"]
[Site "Marostica ITA"]
[Date "1995.09.??"]
[Round "4"]
[White "Duarte, Riccardo"]
[Black "Giuriati, Paolo"]
[Result "0-1"]
[WhiteElo "2050"]
[BlackElo "1957"]
[PlyCount "100"]
[EventDate "1995.09.08"]

1. e4 e6 2. d4 d5 3. exd5 exd5 4. Bd3 Nc6 5. c3 Bd6 6. Nf3 Nge7 7. Bg5 f6 8.
Bh4 Bg4 9. Nbd2 Qd7 10. Qc2 O-O-O 11. O-O-O Bf5 12. Nb3 Bxd3 13. Rxd3 Ng6 14.
Bg3 Rhe8 15. Bxd6 Qxd6 16. g3 b6 17. Rd2 Re7 18. Qd3 Kb7 19. Qb5 a6 20. Qd3
Rde8 21. a3 Qd7 22. Kb1 Qg4 23. Nc1 Nd8 24. h3 Qe4 25. Rhd1 Nf7 26. h4 h5 27.
Ne1 Nd6 28. f3 Qxd3+ 29. Ncxd3 Nf5 30. Ng2 Nxg3 31. Ndf4 Nxf4 32. Nxf4 Kc6 33.
Rg2 Nf5 34. Rdg1 Re1+ 35. Ka2 Rxg1 36. Rxg1 Rh8 37. Ne6 Kd7 38. Nxg7 Rg8 39.
Nxf5 Rxg1 40. Kb3 Ke6 41. Ne3 Rg3 42. Kc2 Rxf3 43. Kd2 Rf2+ 44. Kc1 f5 45. c4
c6 46. cxd5+ cxd5 47. Nd1 Rh2 48. Nc3 Rxh4 49. Na4 Rxd4 50. Nxb6 h4 0-1

[Event "Festival"]
[Site "Marostica ITA"]
[Date "1995.09.??"]
[Round "4"]
[White "Elstner, Herbert"]
[Black "Di Lazzaro, Gabriele"]
[Result "0-1"]
[WhiteElo "2215"]
[BlackElo "2115"]
[PlyCount "130"]
[EventDate "1995.09.08"]

1. e4 g6 2. d4 Bg7 3. g3 c5 4. Ne2 cxd4 5. Nxd4 Nc6 6. Be3 Nf6 7. Bg2 O-O 8. c4
Ne5 9. Na3 Qa5+ 10. Kf1 d6 11. h3 Bd7 12. f4 Nc6 13. Nb3 Qd8 14. Qd2 Nh5 15.
Bf2 a5 16. Bf3 a4 17. Nc1 Nf6 18. Ne2 Na5 19. Rd1 Qc8 20. e5 Ne8 21. exd6 exd6
22. g4 Nxc4 23. Nxc4 Qxc4 24. Bxb7 Rb8 25. b3 axb3 26. Bd5 Qa6 27. axb3 Bc6 28.
Kg2 Rxb3 29. Bxc6 Qxc6+ 30. Qd5 Qxd5+ 31. Rxd5 Rb2 32. Re1 Ra2 33. g5 f6 34. h4
fxg5 35. hxg5 h6 36. Kg3 hxg5 37. Rxg5 Kf7 38. Rd5 Bf6 39. Nd4 Ra3+ 40. Kg2 Rh8
41. Rb5 Ra7 42. Rb8 Rd7 43. Rd1 Rh5 44. Nf3 Ng7 45. Bg3 Nf5 46. Bf2 Re7 47. Rd2
g5 48. Rd5 gxf4 49. Rd1 Be5 50. Re1 Ke6 51. Rg8 Rg7+ 52. Rxg7 Nxg7 53. Nd4+ Kf6
54. Kf3 Nf5 55. Ne2 Rh3+ 56. Kg4 Rh2 57. Rf1 Nh6+ 58. Kf3 Kf5 59. Bg3 fxg3 60.
Nxg3+ Ke6 61. Ne4 Rh3+ 62. Ke2 Ra3 63. Ng5+ Kd5 64. Rd1+ Kc4 65. Rh1 Nf5 0-1

[Event "Festival"]
[Site "Marostica ITA"]
[Date "1995.09.??"]
[Round "4"]
[White "Godena, Michele"]
[Black "Sarno, Spartaco"]
[Result "0-1"]
[WhiteElo "2420"]
[BlackElo "2405"]
[PlyCount "60"]
[EventDate "1995.09.08"]

1. e4 d6 2. d4 Nf6 3. Bd3 e5 4. c3 d5 5. dxe5 Nxe4 6. Nf3 Be7 7. Nbd2 Nc5 8.
Bb1 Bg4 9. Nb3 Nc6 10. Nxc5 Bxc5 11. Bf4 Qd7 12. Qd3 O-O-O 13. O-O d4 14. b4
Bb6 15. b5 Ne7 16. c4 Bc5 17. Ng5 Bf5 18. Qd2 d3 19. Nxf7 Bd4 20. Nxh8 Rxh8 21.
Bxd3 Bxd3 22. e6 Qd8 23. Rad1 Bxf1 24. Kxf1 c5 25. Qc2 Rf8 26. Qe4 Nf5 27. Rd2
Qe7 28. g4 Nd6 29. Bxd6 Qxd6 30. Re2 Qxh2 0-1

[Event "Festival"]
[Site "Marostica ITA"]
[Date "1995.09.??"]
[Round "4"]
[White "Lucaroni, Massimiliano"]
[Black "Manca, Federico"]
[Result "0-1"]
[WhiteElo "2280"]
[BlackElo "2355"]
[PlyCount "74"]
[EventDate "1995.09.08"]

1. e4 d6 2. d4 Nf6 3. Nc3 g6 4. f4 Bg7 5. Nf3 O-O 6. Be3 Na6 7. e5 Ng4 8. Bg1
c5 9. h3 cxd4 10. Qxd4 Nh6 11. g4 b6 12. Bc4 Nb4 13. Bb3 Bb7 14. Qe3 dxe5 15.
fxe5 a5 16. Bh2 a4 17. Nxa4 Rxa4 18. Bxa4 Qa8 19. O-O Qxa4 20. Qxb6 Ba8 21. b3
Qa3 22. Qc5 Qb2 23. Qd4 Qa3 24. Qc5 Bb7 25. c3 Qa8 26. Qxb4 Bxf3 27. Rf2 e6 28.
Raf1 Bh1 29. Bf4 Rd8 30. Kh2 Rd3 31. Bxh6 Bxh6 32. Rxh1 Rxh3+ 33. Kxh3 Qxh1+
34. Kg3 Bg5 35. Qb8+ Kg7 36. Rg2 Bh4+ 37. Kf3 Qf1+ 0-1

[Event "Festival"]
[Site "Marostica ITA"]
[Date "1995.09.??"]
[Round "4"]
[White "Mantovani, Renzo"]
[Black "Micheli, Carlo"]
[Result "1-0"]
[WhiteElo "2365"]
[BlackElo "2295"]
[PlyCount "57"]
[EventDate "1995.09.08"]

1. d4 d6 2. g3 Nf6 3. Bg2 g6 4. Nf3 Bg7 5. b3 O-O 6. Bb2 a5 7. a4 c6 8. Nbd2
Na6 9. O-O d5 10. Ne5 Ng4 11. Nd3 f5 12. Nf3 Nc7 13. Ba3 Ne6 14. e3 g5 15. Qe2
b6 16. c4 Bb7 17. Rac1 Qe8 18. Rfd1 Rf6 19. h3 Nh6 20. h4 gxh4 21. Nxh4 Bf8 22.
cxd5 cxd5 23. Nf4 Rd8 24. Nxe6 Rxe6 25. Rc7 Ba8 26. Rdc1 Bg7 27. Qa6 Bf6 28.
Rc8 Bc6 29. R1xc6 1-0

[Event "Festival"]
[Site "Marostica ITA"]
[Date "1995.09.??"]
[Round "4"]
[White "Mrdja, Milan"]
[Black "Sedina, Elena"]
[Result "1-0"]
[WhiteElo "2450"]
[BlackElo "2350"]
[PlyCount "37"]
[EventDate "1995.09.08"]

1. e4 e6 2. d4 d5 3. Nc3 Bb4 4. e5 Ne7 5. a3 Bxc3+ 6. bxc3 c5 7. Qg4 O-O 8. Bd3
Qa5 9. Ne2 Nbc6 10. Bg5 cxd4 11. f4 Ng6 12. O-O dxc3 13. Qh5 Qc5+ 14. Kh1 Nce7
15. Rf3 h6 16. Rh3 f5 17. exf6 e5 18. Bxg6 Bxh3 19. fxe7 1-0